000 00751nam a2200241Ia 4500
003 OSt
005 20221006143036.0
006 a|||||r|||| 00| 0
007 ta
008 221006b |||||||| |||| 00| 0 eng d
020 _c368.00
024 _a7,882
037 _cTextual
040 _aEASL
_cEASL
_beng
041 _2eng
_aeng
082 _aF.1(X:275).N7, L9
100 _aROBINSON Austin Ed.
245 0 _aAppropriate technologies for Third World development
_b Proceedings of a conference held by the International Economic Association at Teheran, Iran
260 _aLondon
_bMacmillan UK
_c1979
300 _a416p.
_ccm.
942 _hF.1(X:275).N7, L9
_cTEXL
_2CC
999 _c1075968
_d1075968